If its monday it must be Madurai (Record no. 991257)

MARC details
000 -LEADER
fixed length control field 00730nam a2200241Ia 4500
003 - CONTROL NUMBER IDENTIFIER
control field OSt
005 - DATE AND TIME OF LATEST TRANSACTION
control field 20221005083611.0
008 - FIXED-LENGTH DATA ELEMENTS--GENERAL INFORMATION
fixed length control field 221004b |||||||| |||| 00| 0 eng d
020 ## - INTERNATIONAL STANDARD BOOK NUMBER
International Standard Book Number 9780670087013 (hbk)
037 ## - SOURCE OF ACQUISITION
Terms of availability Textual
040 ## - CATALOGING SOURCE
Original cataloging agency CRL
Transcribing agency CRL
Language of cataloging eng
041 ## - LANGUAGE CODE
Source of code eng
Language code of text/sound track or separate title eng
100 ## - MAIN ENTRY--PERSONAL NAME
Personal name Perur Srinath
9 (RLIN) 612685
245 #0 - TITLE STATEMENT
Title If its monday it must be Madurai
Remainder of title Conducted tour of India
260 ## - PUBLICATION, DISTRIBUTION, ETC.
Place of publication, distribution, etc. New Delhi
Name of publisher, distributor, etc. Viking India
Date of publication, distribution, etc. 2013
300 ## - PHYSICAL DESCRIPTION
Extent 284p.
Dimensions cm.
942 ## - ADDED ENTRY ELEMENTS (KOHA)
Classification part U8.2, Q3
Koha item type Textual
Source of classification or shelving scheme
Holdings
Withdrawn status Lost status Damaged status Not for loan Home library Current library Date acquired Source of acquisition Cost, normal purchase price Total Checkouts Full call number Barcode Date last seen Cost, replacement price Price effective from Koha item type
        Central Library Central Library 2022-10-05 337, 21/03/2014, Standard Book House 499.00   U8.2 Q3 CL1567234 2022-10-05 499.00 2022-10-05 Textual
Copyright @ Delhi University Library System